Senjata paling berkuasa

Bibliographic Details
Main Author: Azizi Ali
Format: Book
Published: Selangor : True Wealth Sdn Bhd , 2007
Subjects:

MARC

LEADER 00000cam a2200000 7i4500
001 0000031494
005 20120305.0
008 120305
020 |a 9833364374 
090 0 0 |a 158.1   |b AZI 
100 0 |a Azizi Ali 
245 1 0 |a Senjata paling berkuasa   |c Azizi Ali 
260 |a Selangor :   |b True Wealth Sdn Bhd ,   |c 2007 
650 0 |a Motivation (psychology) 
650 0 |a Self-confidence 
999 |a 0001135460   |b Book   |c Adult Collection   |e Perbadanan Perpustakaan Awam Johor 
999 |a 0001135461   |b Book   |c Adult Collection   |e Perbadanan Perpustakaan Awam Johor 
999 |a 0001135462   |b Book   |c Adult Collection   |e Perbadanan Perpustakaan Awam Johor 
999 |a 0001135463   |b Book   |c Adult Collection   |e Perbadanan Perpustakaan Awam Johor 
999 |a 0001135464   |b Book   |c Adult Collection   |e Perbadanan Perpustakaan Awam Johor